000 01263nam a2200313Ia 4500
001 ebr10133032
003 CaPaEBR
006 m u
007 cr cn|||||||||
008 010712s2005 enkac sb 001 0 eng d
015 _aGBA1W6332
_2bnb
020 _z9781860646768
020 _z186064676X
040 _aCaPaEBR
_cCaPaEBR
035 _a(OCoLC)61856022
050 1 4 _aUA659.S67
_bJ66 2005eb
082 0 4 _a356.1670941
_222
100 1 _aJones, Tim,
_d1966 Sept. 27-
245 1 0 _aSAS
_h[electronic resource] :
_bthe first secret wars : the unknown years of combat & counter-insurgency /
_cTim Jones.
260 _aLondon :
_bI.B. Tauris,
_c2005.
300 _aix, 213 p., [8] p. of plates :
_bill., ports.
504 _aIncludes bibliographical references and index.
533 _aElectronic reproduction.
_bPalo Alto, Calif. :
_cebrary,
_d2009.
_nAvailable via World Wide Web.
_nAccess may be limited to ebrary affiliated libraries.
610 1 0 _aGreat Britain.
_bArmy.
_bSpecial Air Service
_xHistory.
651 0 _aGreat Britain
_xHistory.
655 7 _aElectronic books.
_2local
710 2 _aebrary, Inc.
856 4 0 _uhttp://site.ebrary.com/lib/rucke/Doc?id=10133032
_zAn electronic book accessible through the World Wide Web; click to view
999 _c183476
_d183476